00583cam a22002177a 4500001001000000003000500010005001700015008004100032010001000073011001000083020001500093035001000108040000900118100002800127245005600155260007300211300002100284650001700305650002400322650001900346000074242CHAP20260126083212.0971013s1987 r 00010 d a71477 a72449 a9688840033 a82004 cCHAP00aUranga López, Lourdes13aEl tema campesino en la pintura de Pablo O'Higgins. aChapingo, Méx. :bUACH. Dirección de Difusión Cultural,c1987. a62 p. :b: ilus.14aCampesinado.14aPintores mexicanos.14aPintura mural.